Ship and mobile offshore unit automation : (Record no. 3281)
[ view plain ]
| 000 -LEADER | |
|---|---|
| fixed length control field | 02844cam a2200361 i 4500 |
| 006 - FIXED-LENGTH DATA ELEMENTS--ADDITIONAL MATERIAL CHARACTERISTICS--GENERAL INFORMATION | |
| fixed length control field | m o d |
| 007 - PHYSICAL DESCRIPTION FIXED FIELD--GENERAL INFORMATION | |
| fixed length control field | cr cnu---unuuu |
| 008 - FIXED-LENGTH DATA ELEMENTS--GENERAL INFORMATION | |
| fixed length control field | 190822s2019 mau ob 001 0 eng d |
| 020 ## - INTERNATIONAL STANDARD BOOK NUMBER | |
| International Standard Book Number | 9780128187241 |
| Qualifying information | (ePub ebook) |
| 020 ## - INTERNATIONAL STANDARD BOOK NUMBER | |
| International Standard Book Number | 0128187247 |
| 040 ## - CATALOGING SOURCE | |
| Original cataloging agency | IMU Kochi Library |
| Language of cataloging | eng |
| 041 0# - LANGUAGE CODE | |
| Language code of text/sound track or separate title | eng |
| 082 04 - DEWEY DECIMAL CLASSIFICATION NUMBER | |
| Classification number | 627.98 |
| Edition number | 23 |
| 100 1# - MAIN ENTRY--PERSONAL NAME | |
| Personal name | Pepli�nski, Henryk, |
| 245 10 - TITLE STATEMENT | |
| Title | Ship and mobile offshore unit automation : |
| Sub Title | a practical guide / |
| 300 ## - PHYSICAL DESCRIPTION | |
| Extent | 1 online resource (1 volume) |
| 504 ## - BIBLIOGRAPHY, ETC. NOTE | |
| Bibliography, etc | Includes bibliographical references and index. |
| 505 0# - FORMATTED CONTENTS NOTE | |
| Formatted contents note | Preamble -- General -- Type of operation, engine room and bridge -- IMO regulations -- Classification societies rule requirements -- International codes and standards -- Additional client requirements related to automation systems safety -- Application of maritime legislation, guidance and standards on automation systems -- Designing control and monitoring systems -- Procuring control and monitoring systems -- Integrated automation system (IAS) -- Safety management systems -- Position keeping systems -- Remote diagnostic systems -- Control and monitoring systems certification -- Control and monitoring systems installation -- Mechanical completion and commissioning of control and monitoring systems -- Control and monitoring systems maintenance -- Vessel/offshore unit certification -- Control and monitoring systems evolution and future. |
| 520 ## - SUMMARY, ETC. | |
| Summary, etc | Ship and Mobile Offshore Unit Automation: A Practical Guide: A Practical Guide gives engineers a much-needed reference on relevant standards and codes, along with practical case studies on how to use these standards on actual projects and plans. Packed with the critical procedures necessary for each phase of the project, the book also gives an outlook on trends of development for control and monitoring systems, including usage of artificial intelligence in software development and prospects for the use of autonomous vessels. Rounding out with a glossary and introductory chapter specific to the new marine engineer just starting, this book delivers a source of valuable information to help offshore engineers be better prepared to safely and efficiently design today's offshore unit control systems. -- |
| 650 #0 - SUBJECT ADDED ENTRY--TOPICAL TERM | |
| Topical term or geographic name as entry element | Offshore structures |
| General subdivision | Automation. |
| 650 #6 - SUBJECT ADDED ENTRY--TOPICAL TERM | |
| Topical term or geographic name as entry element | Structures offshore |
| General subdivision | Automatisation. |
| 852 ## - LOCATION/CALL NUMBER | |
| Location | IMU Kochi Library |
| 856 40 - ELECTRONIC LOCATION AND ACCESS | |
| Uniform Resource Identifier | <a href="https://www.sciencedirect.com/science/book/9780128187234">https://www.sciencedirect.com/science/book/9780128187234</a> |
| 904 ## - LOCAL DATA ELEMENT D, LDD (RLIN) | |
| CATALOGER | Rudra Ranjan |
| 905 ## - LOCAL DATA ELEMENT E, LDE (RLIN) | |
| VERIFIER | Rudra Ranjan |
| 942 ## - ADDED ENTRY ELEMENTS (KOHA) | |
| Item type | E-Book |
| 264 #1 - | |
| -- | Cambridge, MA : |
| -- | Gulf Professional Publishing, an imprint of ElsevierGULF PROFESSIONAL, |
| -- | 2019. |
| 338 ## - | |
| -- | online resource |
| 520 ## - SUMMARY, ETC. | |
| -- | Provided by publisher. |
| 650 #6 - SUBJECT ADDED ENTRY--TOPICAL TERM | |
| -- | (CaQQLa)201-0052398 |
| -- | (CaQQLa)201-0378787 |
No items available.